Eight steps to a strategic plan for corporate real estate and possible portfolio exit strategies (Record no. 60238)

MARC details
000 -LEADER
fixed length control field 01086cam a2200253 4500
001 - CONTROL NUMBER
control field ABS61343
008 - FIXED-LENGTH DATA ELEMENTS--GENERAL INFORMATION
fixed length control field 000000n1999 000 0 eng u
035 ## - SYSTEM CONTROL NUMBER
System control number (Sirsi) u100829
100 ## - MAIN ENTRY--PERSONAL NAME
Personal name Buckley, M.P.
245 ## - TITLE STATEMENT
Title Eight steps to a strategic plan for corporate real estate and possible portfolio exit strategies
260 ## - PUBLICATION, DISTRIBUTION, ETC.
Date of publication, distribution, etc. 1999
490 ## - SERIES STATEMENT
Series statement Journal of Corporate Real Estate
Volume/sequential designation 1(4) September 1999, 361-367(7)
520 ## - SUMMARY, ETC.
Summary, etc. After mergers or acquisitions there is often pressure on organisations to 'rationalise'. This article explores an 'Eight step strategic plan' to evaluate building types, ocupancy and operating costs, and compare corporate occupancy with external real estate market. Also recommends a Special Purpose Vehicle to move assets off the balance sheet.
590 ## - LOCAL NOTE (RLIN)
Local note ABS
650 ## - SUBJECT ADDED ENTRY--TOPICAL TERM
Topical term or geographic name entry element REAL ESTATE
650 ## - SUBJECT ADDED ENTRY--TOPICAL TERM
Topical term or geographic name entry element OCCUPANCY COSTS
650 ## - SUBJECT ADDED ENTRY--TOPICAL TERM
Topical term or geographic name entry element OPERATING COSTS
650 ## - SUBJECT ADDED ENTRY--TOPICAL TERM
Topical term or geographic name entry element EXIT STRATEGY
650 ## - SUBJECT ADDED ENTRY--TOPICAL TERM
Topical term or geographic name entry element SPECIAL PURPOSE VEHICLE
650 ## - SUBJECT ADDED ENTRY--TOPICAL TERM
Topical term or geographic name entry element STRATEGIC PLANNING
650 ## - SUBJECT ADDED ENTRY--TOPICAL TERM
Topical term or geographic name entry element CORPORATE PROPERTY
690 ## - LOCAL SUBJECT ADDED ENTRY--TOPICAL TERM (OCLC, RLIN)
Topical term or geographic name as entry element COMMERCIAL PROPERTY-MANAGEMENT
942 ## - ADDED ENTRY ELEMENTS (KOHA)
Suppress in OPAC 0
Holdings
Withdrawn status Lost status Source of classification or shelving scheme Damaged status Not for loan Home library Current library Shelving location Date acquired Total Checkouts Full call number Barcode Date last seen Copy number Price effective from Koha item type
    Dewey Decimal Classification     London London Journal article 26/10/1999   ABS61343 100829-1001 06/08/2019 1 06/08/2019 Journal article